000 00213nam a22000857a 4500
008 170617b xxu||||| |||| 00| 0 eng d
100 _93482
_aCBSE
245 _aAss. Practical Science- X
260 _aNew Delhi
_bCBSE
_c2010
999 _c6856
_d6856